| 000 | 03227 a2200277 4500 | ||
|---|---|---|---|
| 003 | NALT | ||
| 005 | 20240507112011.0 | ||
| 008 | 231109b th ||||| |||| 00| 0 tha d | ||
| 020 | _a9786162605390 | ||
| 040 | _aNALT | ||
| 090 |
_aKS 102 _bร155 2566 |
||
| 245 | 0 | 0 |
_aรวมกฎหมายทรัพย์สินทางปัญญาและการค้าระหว่างประเทศ / _cคณะวิชาการ The Justice Group. |
| 250 | _aแก้ไขเพิ่มเติมใหม่ล่าสุด พ.ศ. 2566. | ||
| 260 |
_aกรุงเทพฯ : _bพิมพ์อักษร, _c2566. |
||
| 300 |
_a344 หน้า ; _c21 ซม. |
||
| 505 | 2 | _aพระราชบัญญัติลิขสิทธิ์ พ.ศ. 2537 -- พระราชกฤษฎีกา กำหนดเงื่อนไขเพื่อคุ้มครองลิขสิทธิด์ระหว่างประเทศ พ.ศ. 2536 -- บัญชีท้ายพระราชกฤษฎีกา กำหนดเงื่อนไขเพื่อคุ้มครองลิขสิทธิ์ระหว่างประเทศ พ.ศ. 2536 -- พระราชกฤษฎีกา กำหนดเงื่อนไขเพื่อคุ้มครองลิขสิทธิ์ระหว่างประเทศ (ฉบับที่ 2) พ.ศ. 2537 -- พระราชบัญญัติสิทธิบัตร พ.ศ. 2522 --บัญชีอัตราค่าธรรมเนียม -- พระราชบัญญัติเครื่องหมายการค้า พ.ศ. 2534 -- พระราชบัญบัติการรับขนทางทะเล พ.ศ. 2534 -- พระราชบัญญัติจัดตั้งศาลทรัพย์สินทางปัญญาและการค้าระหว่างประเทศและวิธีพิจารณาคดีทรัพย์สินทางปัญญาและการค้าระหว่างประเทศ พ.ศ. 2539 -- พระราชบัญญัติความลับทางการค้า พ.ศ. 2545 -- พระราชบัญญัติว่าด้วยการกระทำความผิดเกี่ยวกับคอมพิวเตอร์ พ.ศ. 2550. | |
| 650 | 4 |
_92073 _aทรัพย์สินทางปัญญา _xกฎหมายและระเบียบข้อบังคับ |
|
| 650 | 4 |
_915991 _aกฎหมายสิทธิบัตร |
|
| 650 | 4 |
_910789 _aเครื่องหมายการค้า _xกฎหมายและระเบียบข้อบังคับ |
|
| 650 | 4 |
_95267 _aการค้าระหว่างประเทศ _xกฎหมายและระเบียบข้อบังคับ |
|
| 710 | 2 |
_aคณะวิชาการ The Justice Group _930086 |
|
| 850 | _aNALT | ||
| 942 |
_2local _cLB |
||
| 996 |
_asaiphon.d _bCATSTF _c2023-11-10 |
||
| 999 |
_c103479 _d103479 |
||
| 998 |
_j111 _k นางสาวพจพิณ พรมเอี่ยม |
||